LEADER 01138nam a2200229 i 4500 001 000000006967 003 CaOOAMICUS 005 20230331124630.0 008 180830s1830 it u000 u ita u 040 $aSeMil$bita 100 1 $aPacca, Bartolomeo,$c.$0(OLS)http://semarc/name/3629 245 10$aMemorie storiche del Ministero de' due viaggi in Francia e della prigionia nel forte di San Carlo in Fenestrelle del Card. Bartolomeo Pacca scritte da lui medesimo, e divise in tre parti. 250 $a4. ed. 260 $aPesaro :$bAnnesio Nobili,$c1830. 300 $a2 v. ;$c16°. 500 $aLegati insieme i 2 vol. 650 4$aPacca, Bartolomeo - Diari e memorie.$0(OLS)http://semarc/subject/1113 774 0 $tVol. 1.$g1$w()245483 774 0 $tVol. 2.$g2$w()245484 996 $6245$aMemorie storiche del Ministero de' due viaggi in Francia e della prigionia nel forte di San Carlo in Fenestrelle del Card. Bartolomeo Pacca scritte da lui medesimo, e divise in tre parti$9(OLS)http://semarc/title/9317 996 $6260$aPesaro :$bAnnesio Nobili$9(OLS)http://semarc/publisher/31899 LEADER 01331nam a2200241 i 4500 001 000000052196 003 CaOOAMICUS 005 20131129000000.0 008 131129s1994 it u000 u ita u 013 $a23368 040 $aSeMil$bita 100 1 $aArosio, Marco <1963-2009>.$0(OLS)http://semarc/name/90635 245 10$a«Credibile ut intelligibile» :$bsapienza e ruolo del «Modus ratiocinativus sive inquisitivus» nell'epistemologia teologica del "Commento alle sentenze" di Bonaventura da Bagnoregio /$cMarco Arosio. 260 $aRoma :$b[s.n.],$c1994. 300 $a64 p. ;$c24 cm. 500 $aEstratto da «Doctor Seraphicus» N. 41. - 1994 Centro di Studi Bonaventuriani - Bagnoreggio (Viterbo). 600 04$aBonaventura : da Bagnorea .$0(OLS)http://semarc/subject/524 650 4$aEpistemologia teologica.$0(OLS)http://semarc/subject/5777 850 $aSeMil 852 $aSeMil$W1$xVenegono$y1$m2N II 176$j18351$B18351$CSeMilBibl$Z2$F18352 $81 961 $aOmaggio: Scuola Cattolica 996 $6245$a«Credibile ut intelligibile» :$bsapienza e ruolo del «Modus ratiocinativus sive inquisitivus» nell'epistemologia teologica del "Commento alle sentenze" di Bonaventura da Bagnoregio$9(OLS)http://semarc/title/80057 996 $6260$aRoma :$b[s.n.]$9(OLS)http://semarc/publisher/29738